| 000 | 00770nam a22002297a 4500 | ||
|---|---|---|---|
| 005 | 20220421094816.0 | ||
| 008 | 220421b ||||| |||| 00| 0 eng d | ||
| 020 | _a9786218035317 | ||
| 040 |
_bEnglish _cURS _erda |
||
| 050 |
_aLB1715 _b.L77 2018 |
||
| 100 |
_9407 _aLlagas, Avelina T., _eauthor. |
||
| 245 |
_aEssentials of teacher leadership / _cAvelina T. Llagas, Brenda B. Corpuz. |
||
| 264 |
_aQuezon City : _bLorimar Publishing Incorporated, _c©2018. |
||
| 300 |
_axi, 259 pages : _billustrations ; _c25 cm. |
||
| 336 |
_2rdacontent _atext _btxt |
||
| 337 |
_2rdamedia _aunmediated _bn |
||
| 338 |
_2rdacarrier _avolume _bnc |
||
| 650 | 0 |
_984 _aLeadership. |
|
| 650 | 0 |
_91336 _aTeachers _xTraining of. |
|
| 700 |
_983 _aCorpuz, Brenda B., _eauthor. |
||
| 942 |
_2lcc _cF |
||
| 999 |
_c57159 _d57159 |
||